| 000 | 00810nam a2200253 i 4500 | ||
|---|---|---|---|
| 001 | 56946 | ||
| 003 | ES-MaACL | ||
| 005 | 20240205165143.0 | ||
| 007 | t| | ||
| 008 | 031014q1966 sp ac ||||1| spa d | ||
| 080 | _a75 Picasso, Pablo | ||
| 100 | 1 |
_aDiehl, Gaston. _944591 |
|
| 245 | 1 | 0 |
_aPicasso / _cpor Gaston Diehl ; [traducción de Juan Massot Gimeno]. |
| 260 |
_aMadrid [etc.] : _bDaimon, Manuel Tamayo, _ccop. 1966. |
||
| 300 |
_a93, [2] p. : _bil. col. y n. ; _c29 cm. |
||
| 500 | _aÍndice. | ||
| 504 | _aBibliografía: p. 91-94. | ||
| 600 | 1 | 4 |
_aPicasso, Pablo, _d1881-1973 _991794 |
| 700 | 1 |
_aMassot Gimeno, Juan. _978859 |
|
| 852 |
_aES-MaACL _jC-56552 _bR.88921 |
||
| 852 |
_aES-MaACL _jC-27562 _bR.57857 |
||
| 852 |
_aES-MaACL _jE-14693 _xOlim P-1262 |
||
| 999 |
_c56946 _d56946 |
||